FIFA World Cup Football Penalty Shoot-Outs - Statistics

General Stats
  • This quiz has been taken 376 times
    150 since last reset
  • The average score is 21 of 31
Answer Stats
Hint Year Answer % Correct
Won 6, Lost 1 1990, 1990, 1998, 2006, 2014, 2022, 2022 Argentina
98%
Won 2, Lost 3 1982, 1986, 1998, 2006, 2022 France
96%
Won 3, Lost 2 1986, 1994, 1998, 2014, 2022 Brazil
95%
Won 4, Lost 0 1982, 1986, 1990, 2006 Germany
94%
Won 1, Lost 4 1986, 2002, 2002, 2018, 2022 Spain
90%
Won 1, Lost 3 1998, 2014, 2014, 2022 Netherlands
89%
Won 1, Lost 3 1990, 1994, 1998, 2006 Italy
88%
Won 1, Lost 3 1990, 1998, 2006, 2018 England
86%
Won 4, Lost 0 2018, 2018, 2022, 2022 Croatia
85%
Won 1, Lost 0 2006 Portugal
85%
Won 1, Lost 0 2010 Uruguay
80%
Won 1, Lost 0 1986 Belgium
75%
Won 1, Lost 1 2018, 2018 Russia
74%
Won 0, Lost 2 2010, 2022 Japan
70%
Won 0, Lost 1 2018 Colombia
65%
Won 1, Lost 0 2022 Morocco
65%
Won 0, Lost 2 1986, 1994 Mexico
62%
Won 1, Lost 0 1994 Sweden
61%
Won 1, Lost 0 2002 South Korea
60%
Won 1, Lost 1 2014, 2014 Costa Rica
59%
Won 0, Lost 1 2010 Ghana
59%
Won 0, Lost 1 2006 Switzerland
59%
Won 0, Lost 1 2014 Chile
56%
Won 0, Lost 1 2018 Denmark
53%
Won 0, Lost 1 2014 Greece
48%
Won 1, Lost 0 2010 Paraguay
48%
Won 1, Lost 1 1990, 2002 Republic of Ireland
45%
Won 1, Lost 0 2006 Ukraine
44%
Won 0, Lost 2 1990, 1994 Romania
43%
Won 1, Lost 0 1994 Bulgaria
41%
Won 0, Lost 1 1990 Yugoslavia
35%
No matching quizzes found
Score Distribution
Percent of People with Each Score
Percentile by Number Answered
Your Score History
You have not taken this quiz since the last reset